000 004250000a22001690004500
003 MACL
005 20151229150138.0
008 151229b xxu||||| |||| 00| 0 eng d
040 _aMACL
_cMACL
041 _aEnglish
082 _a100/TRI
100 _aTrine, Ralph Waldo
_923991
245 _aThe Land of Living Men
260 _bG Bell & Sons Ltd
_c1911
_aLondon
650 _aPhilosophy
_923992
942 _cBK
_k100/TRI
_2ddc
999 _c39418
_d39418